Catálogo

Cómo entender finanzas : (Registro nro. 36899)

Detalles MARC
000 -LEADER
fixed length control field 01030cam a2200289 i 4500
001 - CONTROL NUMBER
control field 36899
003 - CONTROL NUMBER IDENTIFIER
control field Mx-PuUPA
005 - DATE AND TIME OF LATEST TRANSACTION
control field 20240214130141.0
008 - FIXED-LENGTH DATA ELEMENTS--GENERAL INFORMATION
fixed length control field 140415s2018 mx ad gr 000 0 spa d
020 ## - INTERNATIONAL STANDARD BOOK NUMBER
International Standard Book Number 9786078552801
040 ## - CATALOGING SOURCE
Transcribing agency Mx-PuUPA
Original cataloging agency Mx-PuUPA
Language of cataloging spa
Modifying agency Mx-PuUPA
Description conventions rda
041 0# - LANGUAGE CODE
Language code of text/sound track or separate title spa
100 1# - MAIN ENTRY--PERSONAL NAME
Personal name Tapia Iturriaga, Carmen Karina,
9 (RLIN) 9619
Relator term autor
245 10 - TITLE STATEMENT
Title Cómo entender finanzas :
Remainder of title sin ser financiero /
Statement of responsibility, etc. Carmen Karina Tapia Iturriaga, Jorge Arturo Jiménez Sierra
264 #1 - PRODUCTION, PUBLICATION, DISTRIBUTION, MANUFACTURE, AND COPYRIGHT NOTICE
Place of production, publication, distribution, manufacture Ciudad de México :
Name of producer, publisher, distributor, manufacturer Instituto Mexicano de Contadores Publicos,
Date of production, publication, distribution, manufacture, or copyright notice ©2018
300 ## - PHYSICAL DESCRIPTION
Extent 175 páginas :
Other physical details ilustraciones, diagramas, tablas ;
Dimensions 19 cm
336 ## - CONTENT TYPE
Fuente rdacontent
Content type term texto
Content type code txt
337 ## - MEDIA TYPE
Source rdamedia
Media type term sin medio
Media type code n
338 ## - CARRIER TYPE
Source rdacarrier
Carrier type term volumen
Carrier type code nc
490 0# - SERIES STATEMENT
Series statement Para todos
650 #7 - SUBJECT ADDED ENTRY--TOPICAL TERM
Source of heading or term armarc
Topical term or geographic name entry element Finanzas
650 #7 - SUBJECT ADDED ENTRY--TOPICAL TERM
Source of heading or term armarc
Topical term or geographic name entry element Administración financiera
700 1# - ADDED ENTRY--PERSONAL NAME
Personal name Jiménez Sierra, Jorge Arturo,
Relator term autor
942 ## - ADDED ENTRY ELEMENTS (KOHA)
Source of classification or shelving scheme Dewey Decimal Classification
Koha item type Libro
Classification part 658.15
Item part T172
Existencias
Withdrawn status Lost status Source of classification or shelving scheme Damaged status Not for loan Collection code Home library Current library Shelving location Date acquired Total Checkouts Full call number Barcode Date last seen Price effective from Koha item type Copy number
    Dewey Decimal Classification     General Tehuacán Tehuacán Sala general 14/02/2024   658.15 T172 2018 968000001610 08/01/2025 14/02/2024 Libro  
    Dewey Decimal Classification     General Tehuacán Tehuacán Sala general 10/05/2024   658.15 T172 2018 968000002374 08/01/2025 10/05/2024 Libro Ej.2